Factors and issues in the survival and growth of the US machine tool industry : With emphasis on the impact of computer bases automation and forgeign machine tool technology

সংরক্ষণ করুন:
গ্রন্থ-পঞ্জীর বিবরন
প্রধান লেখক: Fawcett, Clifford William
বিন্যাস: গ্রন্থ
ভাষা:Undetermined
প্রকাশিত: Michigan University Microfilms International 1984
বিষয়গুলি:
ট্যাগগুলো: ট্যাগ যুক্ত করুন
কোনো ট্যাগ নেই, প্রথমজন হিসাবে ট্যাগ করুন!
Thư viện lưu trữ: Trung tâm Học liệu Trường Đại học Cần Thơ
LEADER 00657nam a2200181Ia 4500
001 CTU_78114
008 210402s9999 xx 000 0 und d
082 |a 303.483 
082 |b F279 
100 |a Fawcett, Clifford William 
245 0 |a Factors and issues in the survival and growth of the US machine tool industry : 
245 0 |b With emphasis on the impact of computer bases automation and forgeign machine tool technology 
245 0 |c Clifford William Fawcett 
260 |a Michigan 
260 |b University Microfilms International 
260 |c 1984 
650 |a Automation,Social change 
980 |a Trung tâm Học liệu Trường Đại học Cần Thơ